000 00568nam a2200241 a 4500
001 nice12345678
003 IN_TiNIC
005 20260116011555.0
008 050524s1929 lona grp 000 0 eng
020 _a
_c100
082 0 0 _a297.24
_bROB
100 _aRobson, J
245 _aChrist in Islam.
260 _aLondon
_bJohn Murray
_c1929
300 _a128p
500 _aincludes index and biblioraphy
505 2 _areference
650 _aJesus Christ-Islamic Interpretation
700 1 _aRobson, J
902 _bSRS
942 _cBK
999 _c2693
_d2693